Are Altman Z-Score and IN05 Index able to predict financial difficulties of OF Slovak companies
Analýza finančného zdravia 384 podnikov na Slovensku v období rokov 2009-2014. Charakteristika a štruktúra vzorcov. Podniky v reštrukturalizácii podľa databázy CRIBIS. Vyššia presnosť Indexu NI05 oproti Altmanovmu Z-skóre.
Saved in:
| Main Author: | |
|---|---|
| Format: | Book Chapter |
| Language: | English |
| Subjects: | |
| Tags: |
No Tags, Be the first to tag this record!
|
MARC
| LEADER | 00000nla a2200000 4500 | ||
|---|---|---|---|
| 001 | 0207483 | ||
| 005 | 20240502073441.7 | ||
| 041 | 0 | |a eng | |
| 044 | |a SK | ||
| 245 | 1 | 0 | |a Are Altman Z-Score and IN05 Index able to predict financial difficulties of OF Slovak companies |c Matúš Mihalovič |
| 520 | |a Analýza finančného zdravia 384 podnikov na Slovensku v období rokov 2009-2014. Charakteristika a štruktúra vzorcov. Podniky v reštrukturalizácii podľa databázy CRIBIS. Vyššia presnosť Indexu NI05 oproti Altmanovmu Z-skóre. | ||
| 610 | 2 | 0 | |a analýza finančná |
| 610 | 2 | 0 | |a stabilita finančná |
| 610 | 2 | 0 | |a reštrukturalizácia finančná |
| 100 | 1 | |a Mihalovič, Matúš | |